Análisis de la monumentalidad de árboles urbanos en México / (Record no. 218795)
[ view plain ]
| 000 -CABECERA | |
|---|---|
| campo de control de longitud fija | 02655nam a2200289 a 4500 |
| 003 - IDENTIFICADOR DEL NÚMERO DE CONTROL | |
| campo de control | OSt |
| 005 - FECHA Y HORA DE LA ÚLTIMA TRANSACCIÓN | |
| campo de control | 20251029105202.0 |
| 007 - CAMPO FIJO DE DESCRIPCIÓN FÍSICA--INFORMACIÓN GENERAL | |
| campo de control de longitud fija | cr ||||||a|c|a |
| 008 - DATOS DE LONGITUD FIJA--INFORMACIÓN GENERAL | |
| campo de control de longitud fija | 230519s2020 mx ||||fom||| 001 0 s d |
| 040 ## - FUENTE DE LA CATALOGACIÓN | |
| Normas de descripción | rda |
| 100 1# - ENTRADA PRINCIPAL--NOMBRE DE PERSONA | |
| 9 (RLIN) | 187119 |
| Nombre de persona | Mejorado Velasco, Nazly Abadi |
| 245 10 - MENCIÓN DE TÍTULO | |
| Título | Análisis de la monumentalidad de árboles urbanos en México / |
| Mención de responsabilidad, etc. | Por Nazly Abadi Mejorado Velasco; director de tesis José Luis Romo Lozano. |
| 264 #1 - PRODUCCIÓN, PUBLICACIÓN, DISTRIBUCIÓN, FABRICACIÓN Y COPYRIGHT | |
| Producción, publicación, distribución, fabricación y copyright | Chapingo, México : |
| Nombre del de productor, editor, distribuidor, fabricante | El autor, |
| Fecha de producción, publicación, distribución, fabricación o copyright | 2020. |
| 300 ## - DESCRIPCIÓN FÍSICA | |
| Extensión | 1 recurso en línea (64 páginas): |
| Otras características físicas | Cuadros y figuras. |
| 336 ## - TIPO DE CONTENIDO | |
| Fuente | rdacontent |
| Término de tipo de contenido | texto |
| Código de tipo de contenido | txt |
| 337 ## - TIPO DE MEDIO | |
| Fuente | rdamedia |
| Nombre/término del tipo de medio | computadora |
| Código del tipo de medio | c |
| 338 ## - TIPO DE SOPORTE | |
| Fuente | rdacarrier |
| Nombre/término del tipo de soporte | recurso en línea |
| Código del tipo de soporte | cr |
| 502 ## - NOTA DE TESIS | |
| Tipo de título | Maestría en Ciencias en Ciencias Forestales |
| Nombre de la institución que otorga el título | División de Ciencias Forestales, |
| Año de obtención del título | 2020. |
| Información miscelánea | Maestría |
| 504 ## - NOTA DE BIBLIOGRAFÍA, ETC. | |
| Nota de bibliografía, etc. | Incluye referencias bibliográficas: páginas 5-6, 20-22, 49-53 |
| 520 ## - SUMARIO, ETC. | |
| Sumario, etc. | La evaluación de los árboles monumentales es una actividad importante para promover su preservación. Según la revisión realizada, se encontró que actualmente no existe una legislación clara y suficiente en México para brindar protección a los árboles monumentales. Esta investigación consiste en una evaluación de la monumentalidad de los árboles urbanos en México, realizada con la participación de 15 expertos en el tema. Los árboles evaluados fueron: "El Tule"; "El Sabino"; "El Ahuehuete"; "El Centinela"; "La Higuera"; "El Baobab"; "El Ginkgo" y "El Árbol de los Acuerdos", todos ellos ubicados dentro de diferentes estados del territorio mexicano. Se definieron cinco criterios para la evaluación: tamaño del árbol, estado de conservación, importancia cultural, importancia del paisaje y rareza. El establecimiento de los criterios se basó en metodologías conocidas y utilizadas en la evaluación de los árboles. El método PROMETHEE se utilizó para evaluar la monumentalidad. Los resultados del estudio indicaron que el "El Tule" y el "Árbol de los Acuerdos", ubicados en el Estado de Oaxaca y el Estado de México, respectivamente, son los árboles que tienen características particulares que los hacen destacar sobre el resto de los árboles. El valor de monumentalidad más destacado de los árboles fue para "El Tule" debido a que las evaluaciones de los expertos mostraron las preferencias más altas a favor del conjunto de atributos que lo caracterizan. |
| 650 #4 - PUNTO DE ACCESO ADICIONAL DE MATERIA--TÉRMINO DE MATERIA | |
| 9 (RLIN) | 82441 |
| Término de materia o nombre geográfico como elemento de entrada | Árboles |
| Subdivisión general | Variedades |
| 650 #4 - PUNTO DE ACCESO ADICIONAL DE MATERIA--TÉRMINO DE MATERIA | |
| 9 (RLIN) | 187052 |
| Término de materia o nombre geográfico como elemento de entrada | Árboles |
| Subdivisión general | Preservación |
| 650 #4 - PUNTO DE ACCESO ADICIONAL DE MATERIA--TÉRMINO DE MATERIA | |
| 9 (RLIN) | 82437 |
| Término de materia o nombre geográfico como elemento de entrada | Árboles |
| Subdivisión general | Identificación |
| 700 1# - PUNTO DE ACCESO ADICIONAL--NOMBRE DE PERSONA | |
| 9 (RLIN) | 99719 |
| Nombre de persona | Romo Lozano, José Luis |
| Término indicativo de función/relación | director. |
| 856 ## - LOCALIZACIÓN Y ACCESO ELECTRÓNICOS | |
| Identificador Uniforme del Recurso | http://10.13.5.2/tesis/tm/Mejorado_Velasco_Nazly_Abadi.pdf |
| Nota pública | DESCARGAR PDF |
| 942 ## - ELEMENTOS DE PUNTO DE ACCESO ADICIONAL (KOHA) | |
| Fuente del sistema de clasificación o colocación | Clasificación Universidad Autónoma Chapingo |
| Tipo de ítem Koha | Tesis digital |
| Estado de retiro | Estado de pérdida | Fuente del sistema de clasificación o colocación | Estado dañado | Restricciones de uso | No para préstamo | Código de colección | Localización permanente | Ubicación/localización actual | Ubicación en estantería | Fecha de adquisición | Total de préstamos | Signatura topográfica completa | Fecha visto por última vez | Precio válido a partir de | Tipo de ítem Koha |
|---|---|---|---|---|---|---|---|---|---|---|---|---|---|---|---|
| Clasificación Universidad Autónoma de Chapingo | Préstamo interno | Tesis digitales de Maestría | Biblioteca Digital | Biblioteca Digital | En línea | 19/05/2023 | Tesis digital | 19/05/2023 | 19/05/2023 | Tesis digital |
